Name these Barbaras - Statistics

General Stats
  • This quiz has been taken 86 times
  • The average score is 4 of 20
Answer Stats
Picture Hint Answer % Correct
Actress Barbra Streisand
87%
First Lady Barbara Bush
71%
Broadcast Journalist Barbara Walters
41%
Actress Barbara Stanwyck
30%
Actress Barbara Eden
23%
US Senator Barbara Boxer
17%
Actresss Barbara Windsor
15%
Children's Toy Barbie Roberts
15%
Model Barbara Palvin
11%
Novelist Barbara Kingsolver
7%
Singer Barbara Mandrell
7%
Businesswoman Barbara Corcoran
6%
Actress Barbara Knox
6%
Author, Political Activist Barbara Ehrenreich
4%
Actress Barbara Rush
4%
Actress Barbara Hale
2%
Queen-Consort of Spain Barbara of Portugal (Braganza)
2%
Model, Socialite Barbara Sinatra
2%
Actress Barbara McNair
1%
Avant-Garde Artist Barbara Rosenthal
0%
No matching quizzes found
Score Distribution
Percent of People with Each Score
Percentile by Number Answered
Your Score History
You have not taken this quiz